| 000 | 00566nam a22001577a 4500 | ||
|---|---|---|---|
| 999 |
_c524685 _d524685 |
||
| 003 | NUST | ||
| 038 | _aMr. Zahoor | ||
| 082 | _a620.005 | ||
| 100 |
_aMuhammad Sami-uz-Zaman _915482 |
||
| 245 |
_aINSPECTION AND ANALYSIS OF ELECTRIC HEATING ELEMENT PRODUCTION FACILITY AND VALIDATION OF A RECOMMENDED STRATEGY TO REDUCE REJECTIONS IN THE PRODUCTION LINE / _cMuhammad Sami-uz-Zaman |
||
| 260 |
_aIslamabad : _bCEME - NUST, _c2013. |
||
| 300 |
_axi, 73 p. : ill. ; _c30 cm. |
||
| 500 | _aHardcover. | ||
| 600 | _2Engineering Management - MS Thesis | ||
| 942 |
_2ddc _cTHE |
||